Guía de la Sección de Tribunales Reales del Archivo General de Navarra / Luis Javier Fortún, Carlos Idoate
ISBN:
84-235-0721-1
Publicado:
Pamplona :
Gobierno de Navarra. Departamento de Educación y Cultura. Institución Príncipe de Viana ,
1986
Descripción Física:
209 p. ; 24 cm
Colección:
Fuentes para la historia de Navarra ; 58
Otros Autores:
Idoate Ezquieta, Carlos
MARC
| LEADER | 00000nam a2200000Ia 4500 | ||
|---|---|---|---|
| 001 | 10164 | ||
| 003 | BGR | ||
| 005 | 20260324175336.0 | ||
| 008 | 160829s1986 xx 000 0 cat d | ||
| 020 | |a 84-235-0721-1 | ||
| 080 | |a A-1-224 | ||
| 100 | |a Fortún, Luis Javier |9 28068 | ||
| 245 | |a Guía de la Sección de Tribunales Reales del Archivo General de Navarra / Luis Javier Fortún, Carlos Idoate | ||
| 260 | |a Pamplona : |b Gobierno de Navarra. Departamento de Educación y Cultura. Institución Príncipe de Viana, |c 1986 | ||
| 300 | |a 209 p. ; |c 24 cm | ||
| 490 | |a Fuentes para la historia de Navarra ; 58 | ||
| 650 | |a Archivo General de Navarra. Sección de Tribunales Reales |x Guies |9 28069 | ||
| 700 | |a Idoate Ezquieta, Carlos |9 33151 | ||
| 710 | 1 | |a Navarra |b Gobierno |b Dirección General de Cultura |9 61302 | |
| 710 | 1 | |a Institución Príncipe de Viana |9 71073 | |
| 901 | |a Arxiu | ||
| 942 | |n 1 |2 udc |c MON | ||
| 952 | |0 0 |1 0 |4 0 |6 A1224 |7 1 |9 44653 |a Arxiu |b Arxiu |d 2016-12-01 |l 0 |o A-1-224 |p 10164 |r 2016-12-01 00:00:00 |w 2016-12-01 |y ARXIU | ||
| 999 | |c 47234 |d 47234 | ||